| 000 | 01722nam a2200373 a 4500 | ||
|---|---|---|---|
| 001 | ebr10627269 | ||
| 003 | CaPaEBR | ||
| 006 | m u | ||
| 007 | cr cn||||||||| | ||
| 008 | 110120s2010 enk sb s001 0beng d | ||
| 010 | _z 2010284202 | ||
| 020 | _z9780719079566 (hbk.) | ||
| 020 | _z071907956X (hbk.) | ||
| 020 | _z9781847794536 (e-book) | ||
| 040 |
_aCaPaEBR _cCaPaEBR |
||
| 035 | _a(OCoLC)808598700 | ||
| 043 | _ae-uk-ni | ||
| 050 | 1 | 4 |
_aDA965.H85 _bM35 2010eb |
| 082 | 0 | 4 |
_a320.9416 _222 |
| 100 | 1 |
_aMcLoughlin, P. J. _q(Peter John) |
|
| 245 | 1 | 0 |
_aJohn Hume and the revision of Irish nationalism _h[electronic resource] / _cP.J. McLoughlin. |
| 260 |
_aManchester ; _aNew York : _bManchester University Press ; _aNew York : _bDistributed by Palgrave Macmillan, _c2010. |
||
| 300 | _axxii, 254 p. | ||
| 504 | _aIncludes bibliographical references and index. | ||
| 520 | 8 | _aThis title explores the politics of the most important Irish nationalist leader of his generation, John Hume. The book shows Hume to be one of the chief architects of the Northern Ireland peace process, and a key figure in the making of the 1998 Good Friday Agreement. | |
| 533 |
_aElectronic reproduction. _bPalo Alto, Calif. : _cebrary, _d2011. _nAvailable via World Wide Web. _nAccess may be limited to ebrary affiliated libraries. |
||
| 600 | 1 | 0 |
_aHume, John, _d1937- |
| 650 | 0 |
_aNationalism _zNorthern Ireland. |
|
| 651 | 0 |
_aNorthern Ireland _xHistory _y1969-1994. |
|
| 651 | 0 |
_aNorthern Ireland _xHistory _y1994- |
|
| 655 | 7 |
_aElectronic books. _2local |
|
| 710 | 2 | _aebrary, Inc. | |
| 856 | 4 | 0 |
_uhttp://site.ebrary.com/lib/rucke/Doc?id=10627269 _zAn electronic book accessible through the World Wide Web; click to view |
| 999 |
_c66746 _d66746 |
||